00759nam a22002417a 4500003001100000005001700011008004100028020001500069040003900084041000800123082001300131100002300144245004200167250001200209260003700221300008000258650002100338650001800359700003000377942000700407952008800414999001500502LK-CoMWRAF20231113150728.0231112b1990 |||||||| |||| 00| 0 eng d a0060467045 aLK-CoMWRAFdLK-CoMWRAFeLK-CoMWRAF aeng a612bTOT aTortora, Gerard J. aPrinciples of anatomy and physiology  a6th ed. aNew York:bHarper Collins,c1990 axxiv, 956, [92] p. : ill. (some col.) ; 29 cm.bGlossary and index included aHUMAN PHYSIOLOGY aHUMAN ANATOMY aAnagnostakos, Nicholas P. cBK 00104070aMAINbMAINd2023-11-12l0o612 TOTpRAF3014r2023-11-12w2023-11-12yBK c4074d4074